000 00607nam a2200205 a 4500
005 20240807063814.0
008 010606s1997 es r 000 0 spa d
020 _a8420694908
035 _aUPN01000107605
049 _aCG
050 4 _aJF1081
_bC6.7
245 0 3 _aLa corrupción política /
_cPerfecto Andrés Ibáñez ... [et al.] ; ed. F. J. Laporta.
260 _aMadrid :
_bAlianza,
_c1997.
300 _a372 p.
650 4 _aCorrupción política
_94369
650 4 _aÉtica política
_97545
700 1 _aIbáñez, Perfecto Andrés,
_ecoaut.
700 1 _aLaporta. F. J.,
_eed.
905 _aLibro
999 _c81517
_d81517